| 000 | 00590nam a2200217 a 4500 | ||
|---|---|---|---|
| 001 | 5949 | ||
| 003 | CDMR | ||
| 005 | 20130411165044.0 | ||
| 008 | 130220s1998||||||||||||||||||||||||||||d | ||
| 020 | _a8482564668 | ||
| 040 |
_aCDMR _bcat _cCDMR |
||
| 100 | 1 |
_aTeixidor, Emili _9917 |
|
| 245 | 1 | 0 |
_aEn veu alta _b: escrits per a la ràdio _cEmili Teixidor ; pròleg de Josep Cuní |
| 260 |
_aBarcelona _bProa _c1998 |
||
| 300 |
_a227 p ; _c17 cm |
||
| 490 | 0 | _aPerfils | |
| 630 | _aRecull d'articles | ||
| 650 | 0 | 4 |
_93142 _aGuions radiofònics |
| 700 | 1 |
_91754 _aCuní, Josep |
|
| 942 |
_cMON _2udc |
||
| 999 |
_c5949 _d5949 |
||